=LDR 00000nam 2200000 4500 =001 INLIS000000000003949 =005 20130612092238 =008 ***********************************Ind** =035 ##$$0010-061300000003949 =041 ##$$a Ind =082 ##$$a 910 =090 ##$$a 910, Muk b =100 ##$$a Mukhtar =245 ##$$a Berkeliling dunia, oleh Mukhtar =260 ##$$a 1983 $b Jakarta =300 ##$$a 228 hlm., ilus., 21 cm =650 ##$$a Perjalanan =850 ##$$a NBPNMAT